KGB hồ sơ mật

Đã lưu trong:
Bibliografiske detaljer
Hovedforfatter: Tchikov, Vladimir
Format: Bog
Sprog:Undetermined
Udgivet: Hà Nội Công an Nhân dân 2004
Fag:
Tags: Tilføj Tag
Ingen Tags, Vær først til at tagge denne postø!
Thư viện lưu trữ: Trung tâm Học liệu Trường Đại học Cần Thơ
LEADER 00494nam a2200193Ia 4500
001 CTU_74053
008 210402s9999 xx 000 0 und d
020 |b 52000 
082 |a 320.09 
082 |b T249 
100 |a Tchikov, Vladimir 
245 0 |a KGB hồ sơ mật 
245 0 |c Vladimir Tchikov 
260 |a Hà Nội 
260 |b Công an Nhân dân 
260 |c 2004 
650 |a Communist 
904 |i Năm 
980 |a Trung tâm Học liệu Trường Đại học Cần Thơ